[Event "ASKO Klubbmesterskap 2009 A"]
[Site "Oslo"]
[Date "2009.02.10"]
[Round "1"]
[White "Ali, Karim"]
[Black "Søreng, Eirik"]
[Result "1-0"]
[WhiteElo "1666"]
[BlackElo "1628"]
[Annotator "Andrei"]
[PlyCount "61"]
[EventDate "2009.??.??"]

1. e4 c5 2. d4 cxd4 3. c3 Nf6 4. e5 Nd5 5. Nf3 e6 6. cxd4 d6 7. Nc3 dxe5 8.
Nxe5 Be7 $6 (8... Nc6 $5) 9. Bd3 Nd7 10. f4 Nxc3 11. bxc3 Bh4+ $2 (11... Qc7)
12. g3 Nxe5 13. fxe5 Be7 14. Qg4 g6 15. Bh6 Qa5 $2 16. O-O Bd7 17. Qf3 Qxc3 18.
Qxf7+ Kd8 19. Qf3 $2 (19. Rad1) 19... Qxd4+ 20. Be3 Qxe5 21. Rad1 Rf8 (21...
Rc8 22. Bxa7 Rf8 23. Qxb7 Bc5+ 24. Bxc5 Qxc5+ 25. Kg2 Rxf1 26. Kxf1 $11) 22.
Bf4 $2 (22. Qxb7 Qxe3+ 23. Kh1 Qb6 (23... Rc8 24. Rxf8+ Bxf8 25. Bb5 $18) 24.
Rxf8+ Bxf8 25. Qxa8+ Ke7 26. Be4) 22... Rxf4 (22... Qc5+ $5 23. Kg2 Rc8 24.
Qxb7 Qd5+ 25. Qxd5 exd5 $11) 23. gxf4 Bc5+ $4 (23... Qc5+ 24. Kg2 Rc8 25. Qxb7
Bd6) 24. Kg2 (24. Kh1 $18) 24... Qb2+ 25. Kg3 Ke7 $2 (25... Rc8) 26. Rb1 Qxa2
27. Rxb7 Rd8 28. Qc6 $2 (28. Bb5 $18) 28... Bd6 $4 (28... Qd5 29. Bb5 Qd4) 29.
Bb5 Kf6 30. Rxd7 Rxd7 31. Qxd7 1-0

[Event "ASKO Klubbmesterskap 2009 A"]
[Site "Oslo"]
[Date "2009.02.10"]
[Round "1"]
[White "Erikstad, Olav"]
[Black "Briseid, Håkon"]
[Result "0-1"]
[WhiteElo "1631"]
[BlackElo "1897"]
[PlyCount "50"]
[EventDate "2009.??.??"]

1. d4 Nf6 2. Bf4 c5 3. c3 b6 4. e3 Bb7 5. Nf3 Nh5 6. Bg3 Nxg3 7. hxg3 cxd4 8.
cxd4 e6 9. Bd3 f5 10. Ne5 Bb4+ 11. Nc3 Qg5 12. Rh5 Qf6 13. g4 g6 14. g5 Qg7 15.
Rh2 Nc6 16. Bb5 Nxe5 17. dxe5 a6 18. Qb3 Bxc3+ 19. Qxc3 axb5 20. Qc7 Bd5 21.
Qd6 Qe7 22. Qxb6 Qb4+ 23. Kd1 Bb3+ 24. Ke2 Bc4+ 25. Kf3 Bd5+ 0-1

[Event "ASKO Klubbmesterskap 2009 B"]
[Site "Oslo"]
[Date "2009.02.10"]
[Round "1"]
[White "Fjellheim, Marius"]
[Black "Valle, Stian"]
[Result "0-1"]
[WhiteElo "1416"]
[BlackElo "1109"]
[PlyCount "44"]
[EventDate "2009.??.??"]

1. d4 d5 2. Bf4 g6 3. Nf3 c5 4. e3 Bg7 5. c3 Qb6 6. Qb3 Nf6 7. h3 O-O 8. Bd3
Nh5 9. Bh2 Qe6 10. Qc2 b6 11. O-O Nc6 12. Nbd2 f5 13. a3 h6 14. c4 Ba6 15. dxc5
bxc5 16. Qa4 dxc4 17. Nxc4 Bb7 18. Rfd1 Rad8 19. Qb5 Ba8 20. Qxc5 Rd5 21. Bxf5
Rfxf5 22. Rxd5 Rxd5 0-1

[Event "ASKO Klubbmesterskap 2009 A"]
[Site "Oslo"]
[Date "2009.02.10"]
[Round "1"]
[White "Hjelle, Øyvind"]
[Black "Einarsen, Kenneth"]
[Result "0-1"]
[WhiteElo "1412"]
[BlackElo "1831"]
[PlyCount "54"]
[EventDate "2009.??.??"]

1. e4 c5 2. Nf3 Nc6 3. Bb5 Nf6 4. d3 Qa5+ 5. Nc3 Nd4 6. a4 Nxb5 7. Bd2 Nxc3 8.
Bxc3 Qc7 9. Qd2 d6 10. h3 e5 11. O-O g6 12. b4 cxb4 13. Bxb4 Bg7 14. Ra3 O-O
15. c4 b6 16. Rc1 Bb7 17. a5 Nd7 18. Qe3 Rfe8 19. g4 Nc5 20. Nh2 Ne6 21. g5 Nd4
22. Ng4 Qe7 23. Kh2 Bc8 24. axb6 Bxg4 25. hxg4 axb6 26. Rac3 Ra2 27. Re1 Nc2
0-1

[Event "ASKO Klubbmesterskap 2009 B"]
[Site "Oslo"]
[Date "2009.02.10"]
[Round "1"]
[White "Johansen, Pål H."]
[Black "Bergfjord, Idar"]
[Result "1-0"]
[WhiteElo "1534"]
[BlackElo "1170"]
[PlyCount "73"]
[EventDate "2009.??.??"]

1. e4 c5 2. Nf3 d6 3. d4 cxd4 4. Nxd4 Nf6 5. Nc3 g6 6. Be2 Bg7 7. O-O O-O 8.
Be3 Nc6 9. Kh1 a6 10. a4 Qa5 11. Nb3 Qc7 12. a5 Nd7 13. Nd5 Qd8 14. c3 e6 15.
Nf4 Nf6 16. f3 d5 17. Bb6 Qd6 18. Qd2 Bh6 19. Be3 Bxf4 20. Bxf4 e5 21. Bg5 d4
22. Rfd1 Be6 23. Nc1 Nd7 24. cxd4 exd4 25. Nd3 Bb3 26. Rdc1 Nde5 27. Bf4 Rac8
28. Nc5 Be6 29. Nxb7 Qb8 30. Nc5 Rfd8 31. Bxa6 Rc7 32. b4 Qxb4 33. Qxb4 Nxb4
34. Bxe5 Nxa6 35. Bxc7 Nxc7 36. Nxe6 fxe6 37. Rxc7 1-0

[Event "ASKO Klubbmesterskap 2009 B"]
[Site "Oslo"]
[Date "2009.02.10"]
[Round "1"]
[White "Olaussen, Atle Gjøran"]
[Black "Leknes, Lars Seval"]
[Result "1-0"]
[WhiteElo "1311"]
[BlackElo "1105"]
[PlyCount "61"]
[EventDate "2009.??.??"]

1. d4 d5 2. c4 c6 3. c5 Nf6 4. Nf3 h6 5. e3 Bf5 6. Bd3 Bxd3 7. Qxd3 e6 8. Nc3
Be7 9. b4 b5 10. a4 bxa4 11. Nxa4 O-O 12. Nb6 Na6 13. Nxa8 Nxb4 14. Qb3 Qxa8
15. Qxb4 Rb8 16. Qa4 Qb7 17. O-O Ra8 18. Ne5 Ne4 19. Qxc6 Qb8 20. Nd7 Qe8 21.
Rb1 Rc8 22. Qb7 Rd8 23. Ne5 Kh7 24. Qxa7 f6 25. Nf3 Nc3 26. Rb7 Bf8 27. Bd2 Ra8
28. Qb6 Na4 29. Qb3 Qc6 30. Rb1 Bxc5 31. Qc2+ 1-0

[Event "ASKO Klubbmesterskap 2009 A"]
[Site "Oslo"]
[Date "2009.02.10"]
[Round "1"]
[White "Olsen, Andrei"]
[Black "Hole, Øystein"]
[Result "0-1"]
[WhiteElo "1620"]
[BlackElo "2401"]
[Annotator "Andrei"]
[PlyCount "122"]
[EventDate "2009.??.??"]

1. d4 Nf6 2. c4 c5 3. Nf3 cxd4 4. Nxd4 g6 5. Nc3 Bg7 6. e4 O-O 7. Be2 Nc6 8.
Be3 d6 9. h3 Bd7 10. O-O Nxd4 11. Bxd4 Bc6 12. e5 dxe5 13. Bxe5 Rc8 14. Qxd8
Rfxd8 15. Rfd1 Ne4 16. Bxg7 Kxg7 17. Nxe4 Bxe4 18. Rac1 g5 19. b4 Kf6 20. Rxd8
Rxd8 21. c5 Rd2 22. Bc4 e6 23. a4 Ke5 24. b5 Rd7 25. b6 axb6 26. Bb5 Rd2 27.
cxb6 Rd6 28. Rc7 Rxb6 29. Rxf7 h5 30. Rg7 Kf6 31. Rc7 Rd6 32. Rc1 Rd2 33. Ra1
Rb2 34. Bc4 g4 35. hxg4 hxg4 36. Ra3 (36. Ra2 $5) 36... b6 37. Rb3 Rxb3 38.
Bxb3 Bc6 39. Kh2 e5 40. Kg3 Ke7 41. Kxg4 Bxg2 42. Kf5 Kd6 43. Bc2 Bf3 44. Be4
Bd1 45. f4 exf4 46. Kxf4 Bxa4 47. Ke3 Kc5 48. Kd2 Kd4 49. Bg6 Kc4 50. Kc1 Kc3
51. Kb1 Bc6 52. Bh7 b5 53. Bg6 Bd5 54. Bf5 b4 55. Bg6 $4 (55. Bc2 $11 {
alt annet taper}) 55... b3 56. Bf5 Bc4 57. Bg6 Be2 58. Bf5 Bd1 59. Bg6 Bc2+ 60.
Bxc2 bxc2+ 61. Kc1 Kd3 0-1

[Event "ASKO Klubbmesterskap 2009 B"]
[Site "Oslo"]
[Date "2009.02.10"]
[Round "1"]
[White "Øhman, Kjell Tage"]
[Black "Syversrud, Jørn Christian"]
[Result "1-0"]
[WhiteElo "1588"]
[BlackElo "1274"]
[PlyCount "69"]
[EventDate "2009.??.??"]

1. Nf3 Nf6 2. d4 e6 3. c4 c5 4. d5 exd5 5. cxd5 d6 6. Nc3 Be7 7. e4 Nbd7 8. Be2
O-O 9. O-O Re8 10. Bf4 Nh5 11. Be3 Nhf6 12. Qc2 Nf8 13. Nd2 Ng6 14. Nc4 Bd7 15.
a4 Bf8 16. f3 Qc7 17. Rad1 Rab8 18. Bg5 Be7 19. Bd3 h6 20. Bc1 Nh5 21. f4 Bf6
22. e5 dxe5 23. Bxg6 fxg6 24. fxe5 Bxe5 25. d6 Qd8 26. Qxg6 Qh4 27. Nxe5 Rxe5
28. Qf7+ Kh7 29. Qxd7 Rbe8 30. Qxb7 Re1 31. Qf3 Nf6 32. Rdxe1 Rxe1 33. Qf5+ Kh8
34. Qc8+ Kh7 35. Qxc5 1-0

[Event "ASKO Klubbmesterskap 2009 A"]
[Site "Oslo"]
[Date "2009.02.24"]
[Round "2"]
[White "Briseid, Håkon"]
[Black "Søreng, Eirik"]
[Result "0-1"]
[WhiteElo "1897"]
[BlackElo "1628"]
[PlyCount "82"]
[EventDate "2009.??.??"]

1. d4 d5 2. c4 e6 3. Nc3 Be7 4. Bf4 Nf6 5. Nf3 c6 6. e3 O-O 7. h3 Nbd7 8. Bd3
Re8 9. cxd5 exd5 10. Qc2 a6 11. g4 Nf8 12. O-O-O b5 13. Rdg1 b4 14. Na4 Qa5 15.
g5 N6d7 16. b3 c5 17. dxc5 Bb7 18. Bxh7+ Nxh7 19. g6 Nhf8 20. gxf7+ Kxf7 21.
Qf5+ Bf6 22. Bd6 d4 23. Rxg7+ Kxg7 24. Rg1+ Kh8 25. Bxf8 Be4 26. Qxd7 Rxf8 27.
Ng5 Qb5 28. Nf7+ Rxf7 29. Qxf7 Qc6 30. Qh5+ Bh7 31. Qh6 dxe3 32. Qxe3 Re8 33.
Qf4 Be5 34. Qxb4 Qh6+ 35. Kd1 Rd8+ 36. Ke2 Qxh3 37. Rg3 Qf5 38. Re3 Qc2+ 39.
Kf1 Bd3+ 40. Kg2 Rg8+ 41. Kh1 Qd1+ 0-1

[Event "ASKO Klubbmesterskap 2009 A"]
[Site "Oslo"]
[Date "2009.02.24"]
[Round "2"]
[White "Einarsen, Kenneth"]
[Black "Ali, Karim"]
[Result "1-0"]
[WhiteElo "1831"]
[BlackElo "1666"]
[PlyCount "111"]
[EventDate "2009.??.??"]

1. e4 Nf6 2. e5 Nd5 3. d4 d6 4. Nf3 dxe5 5. Nxe5 c6 6. Bd3 Nd7 7. Nxd7 Bxd7 8.
Nc3 g6 9. O-O Bg7 10. Ne2 O-O 11. c4 Nb6 12. Be3 Be6 13. Rc1 f5 14. Qd2 Re8 15.
Bh6 Bh8 16. Rfe1 Bf7 17. b3 Qd7 18. h4 Rad8 19. Rcd1 Bxd4 20. Nxd4 Qxd4 21. Qg5
Qg4 22. Qxg4 fxg4 23. Re4 e5 24. Rxg4 Be6 25. Rg3 Bf5 26. Be2 Rxd1+ 27. Bxd1
Nc8 28. Bc1 Rd8 29. Be2 Bb1 30. a3 Nd6 31. Re3 e4 32. g4 Nf7 33. Bb2 Rd2 34.
Bc3 Ra2 35. a4 Rc2 36. Bf6 Rc1+ 37. Kh2 Re1 38. Bc3 Rc1 39. Kg3 Bc2 40. Bd4 Rb1
41. Bxa7 Rxb3 42. Rxb3 Bxb3 43. Kf4 Bc2 44. c5 Kf8 45. a5 Ke7 46. Bb8 Nd8 47.
Bd6+ Kf6 48. g5+ Kg7 49. Ke5 Bd3 50. Bg4 Nf7+ 51. Ke6 Bc4+ 52. Ke7 h5 53. Bc8
Ba6 54. Be6 Nxg5 55. hxg5 h4 56. Be5+ 1-0

[Event "ASKO Klubbmesterskap 2009 A"]
[Site "Oslo"]
[Date "2009.03.03"]
[Round "2"]
[White "Erikstad, Olav"]
[Black "Skrondal, Inge Sandstad"]
[Result "0-1"]
[WhiteElo "1630"]
[BlackElo "2179"]
[PlyCount "70"]
[EventDate "2009.??.??"]

1. e4 e5 2. f4 exf4 3. Bc4 d5 4. Bxd5 Nf6 5. Nc3 Nxd5 6. Nxd5 g5 7. Qh5 Be6 8.
Nf3 h6 9. d4 c6 10. Nc3 Rg8 11. h3 Nd7 12. e5 Bf5 13. O-O Bg6 14. Qg4 Be7 15.
Nh2 Qb6 16. Kh1 Qxd4 17. Rd1 h5 18. Rxd4 hxg4 19. Nxg4 Bf5 20. Nh6 Bh7 21. Nxg8
Bxg8 22. Bd2 Bh7 23. Re1 Bc5 24. Ra4 Bxc2 25. b3 b5 26. Nxb5 cxb5 27. Ra6 Bb6
28. Ra3 Nc5 29. Rc1 Be4 30. b4 Nd3 31. Rf1 Nxe5 32. Re1 f5 33. Bc3 Nc4 34. Rb3
Kf7 35. Re2 f3 0-1

[Event "ASKO Klubbmesterskap 2009 B"]
[Site "Oslo"]
[Date "2009.03.03"]
[Round "2"]
[White "Gundersen, Vegard"]
[Black "Lade, Arnstein S."]
[Result "0-1"]
[WhiteElo "1223"]
[BlackElo "1566"]
[PlyCount "46"]
[EventDate "2009.??.??"]

1. e4 e5 2. f4 d5 3. exd5 e4 4. Nc3 Nf6 5. Bb5+ c6 6. dxc6 bxc6 7. Ba4 Bc5 8.
Nge2 Qb6 9. d4 exd3 10. cxd3 O-O 11. Bb3 Re8 12. Na4 Bb4+ 13. Bd2 Qa5 14. Bxb4
Qxb4+ 15. Qd2 Qe7 16. Nac3 Bg4 17. h3 Bxe2 18. Nxe2 Na6 19. Bc4 Nc7 20. Kf2
Rad8 21. Qc2 Qe3+ 22. Kf1 Ncd5 23. g3 Qf3+ 0-1

[Event "ASKO Klubbmesterskap 2009 A"]
[Site "Oslo"]
[Date "2009.02.24"]
[Round "2"]
[White "Hole, Øystein"]
[Black "Hjelle, Øyvind"]
[Result "1-0"]
[WhiteElo "2401"]
[BlackElo "1412"]
[PlyCount "49"]
[EventDate "2009.??.??"]

1. Nf3 Nf6 2. c4 c5 3. Nc3 Nc6 4. g3 e6 5. Bg2 Be7 6. O-O b6 7. d4 cxd4 8. Nxd4
Bb7 9. e4 Nxd4 10. Qxd4 Bc5 11. Qd3 Ng4 12. Bf4 e5 13. Bd2 O-O 14. h3 Nf6 15.
Rad1 Bc6 16. Ne2 Qe7 17. g4 Rad8 18. Ng3 g6 19. Kh1 Ne8 20. f4 exf4 21. Bxf4 d6
22. Qc3 g5 23. Nf5 Qf6 24. Qxf6 Nxf6 25. Ne7+ 1-0

[Event "ASKO Klubbmesterskap 2009 B"]
[Site "Oslo"]
[Date "2009.02.24"]
[Round "2"]
[White "Johansen, Pål H."]
[Black "Olaussen, Atle Gjøran"]
[Result "1-0"]
[WhiteElo "1534"]
[BlackElo "1311"]
[PlyCount "115"]
[EventDate "2009.??.??"]

1. e4 e5 2. Nf3 Nc6 3. Bc4 Nf6 4. Ng5 d5 5. exd5 Nxd5 6. Qf3 Qxg5 7. Bxd5 Nd4
8. Qxf7+ Kd8 9. h4 Nxc2+ 10. Kd1 Qf5 11. Qxf5 Bxf5 12. Bxb7 Rb8 13. Ba6 Nxa1
14. d3 Rb6 15. Bc4 Rd6 16. Nc3 Bxd3 17. Bxd3 Rxd3+ 18. Ke2 Rd7 19. Bg5+ Kc8 20.
Rxa1 Bb4 21. Ne4 h6 22. Be3 a6 23. a3 Be7 24. h5 Rhd8 25. Rc1 Kb7 26. Rc4 Rd5
27. Nc3 R5d7 28. Ne4 Rd5 29. Nc3 R5d7 30. Ne4 Rd1 31. Nd2 Rh1 32. g4 Rd5 33.
Nf1 Bh4 34. Bc5 Rg1 35. Ne3 Rd7 36. Nf5 Bf6 37. b3 Rgd1 38. Rb4+ Kc6 39. Bf8
R1d2+ 40. Ke3 Bg5+ 41. Kf3 Bf6 42. Rc4+ Kb7 43. Rb4+ Ka8 44. Ke3 Rc2 45. Ra4
Rc3+ 46. Ke4 Ka7 47. b4 Rc4+ 48. Ke3 Bg5+ 49. Ke2 Rd2+ 50. Kf1 Rxg4 51. Nxg7
Rf4 52. Bc5+ Kb7 53. Be3 Rf7 54. Bxd2 Bxd2 55. Ne6 Rf5 56. Nc5+ Kc8 57. Rxa6
Rxh5 58. Ra8# 1-0

[Event "ASKO Klubbmesterskap 2009 B"]
[Site "Oslo"]
[Date "2009.02.24"]
[Round "2"]
[White "Syversrud, Jørn Christian"]
[Black "Fjellheim, Marius"]
[Result "0-1"]
[WhiteElo "1274"]
[BlackElo "1416"]
[PlyCount "77"]
[EventDate "2009.??.??"]

1. d4 e5 2. dxe5 d6 3. e4 Nc6 4. Nf3 Bg4 5. Bb5 Bxf3 6. Bxc6+ bxc6 7. Qxf3 dxe5
8. O-O Bd6 9. Nc3 Ne7 10. Be3 O-O 11. Rad1 f5 12. exf5 Rxf5 13. Qg4 Qf8 14. Ne4
Nd5 15. Bh6 Nf4 16. Bxf4 Rxf4 17. Qe6+ Kh8 18. Nxd6 Rf6 19. Nf7+ Qxf7 20. Qxe5
Re8 21. Qa5 h6 22. Qxa7 Re2 23. Qd4 Rd6 24. Qc5 Rf6 25. Rd8+ Kh7 26. a4 Rf5 27.
Qd4 Rfe5 28. Qd3+ g6 29. Rd7 Re7 30. Rxe7 Qxe7 31. Qc4 c5 32. a5 Re4 33. Qc3
Qd6 34. Qa3 Qc6 35. a6 Ra4 36. Qe3 Rxa6 37. Qe7+ Kg8 38. Qd8+ Kf7 39. Rd1 0-1

[Event "ASKO Klubbmesterskap 2009 B"]
[Site "Oslo"]
[Date "2009.02.24"]
[Round "2"]
[White "Valle, Stian"]
[Black "Øhman, Kjell Tage"]
[Result "0-1"]
[WhiteElo "1109"]
[BlackElo "1588"]
[PlyCount "76"]
[EventDate "2009.??.??"]

1. e4 c5 2. Nf3 e6 3. d4 cxd4 4. Nxd4 a6 5. a4 Qc7 6. Be2 Nf6 7. Qd3 Nc6 8. O-O
Nxd4 9. Qxd4 Qxc2 10. Bc4 Qxe4 11. Qc3 Qc6 12. Bg5 Ne4 13. Qc1 Nxg5 14. Qxg5
Qxc4 15. Nc3 h6 16. Qg3 g5 17. Rac1 Qf4 18. Qh3 Bg7 19. Ne2 Qxa4 20. Qd3 Qb5
21. Qd2 Qxb2 22. Rc2 Qb6 23. Kh1 d5 24. f4 Qd6 25. Rfc1 Bd7 26. Qe3 Bc6 27. f5
O-O 28. Nd4 Bxd4 29. Qxd4 exf5 30. Rf1 Qe6 31. Rc3 Rae8 32. Rh3 Kh7 33. Qd2 Qe2
34. Qc1 d4 35. Rg1 Kg6 36. Rg3 Re3 37. Qc5 Rxg3 38. Qxf8 Qe4 0-1

[Event "ASKO Klubbmesterskap 2009 A"]
[Site "Oslo"]
[Date "2009.03.10"]
[Round "3"]
[White "Ali, Karim"]
[Black "Hole, Øystein"]
[Result "0-1"]
[WhiteElo "1666"]
[BlackElo "2401"]
[PlyCount "60"]
[EventDate "2009.??.??"]

1. e4 c6 2. d4 d5 3. exd5 cxd5 4. c4 Nf6 5. Nc3 e6 6. Nf3 Bb4 7. cxd5 Nxd5 8.
Bd2 Nc6 9. Bd3 O-O 10. O-O Nf6 11. Bg5 h6 12. Bh4 Be7 13. Qe2 Nxd4 14. Nxd4
Qxd4 15. Bg3 Bd7 16. Rad1 Qb6 17. Kh1 Bc6 18. f4 Rfe8 19. Rd2 Rad8 20. Rfd1 Rd7
21. Bh4 Red8 22. h3 Ne4 23. Nxe4 Bxh4 24. Kh2 Rd4 25. g3 Be7 26. Nf2 R8d7 27.
Ng4 Bb4 28. Ne5 Bxd2 29. Nxd7 Rxd7 30. Rxd2 Qd8 0-1

[Event "ASKO Klubbmesterskap 2009 B"]
[Site "Oslo"]
[Date "2009.03.10"]
[Round "3"]
[White "Fjellheim, Marius"]
[Black "Leknes, Lars Seval"]
[Result "1-0"]
[WhiteElo "1416"]
[BlackElo "1105"]
[PlyCount "73"]
[EventDate "2009.??.??"]

1. d4 Nf6 2. Bg5 e6 3. e4 Be7 4. Nc3 h6 5. Bf4 a6 6. Nf3 d5 7. e5 Nh7 8. Bd3
Ng5 9. h4 Nxf3+ 10. Qxf3 Nc6 11. Ne2 g6 12. h5 g5 13. Bd2 Rf8 14. O-O-O f6 15.
Bg6+ Kd7 16. Qg3 fxe5 17. dxe5 Bc5 18. Be3 Qe7 19. c4 Bxe3+ 20. Qxe3 Qb4 21.
cxd5 Qc4+ 22. Nc3 Nb4 23. dxe6+ Kxe6 24. Kb1 Qc6 25. a3 Qxg2 26. axb4 Rxf2 27.
Na4 b6 28. Be4 Qg4 29. Bxa8 Re2 30. Qd4 Qf5+ 31. Qd3 Qxe5 32. Qxe2 Qxe2 33.
Rhe1 Qxe1 34. Rxe1+ Kf6 35. Rf1+ Ke6 36. Bg2 Bd7 37. Bh3+ 1-0

[Event "ASKO Klubbmesterskap 2009 B"]
[Site "Oslo"]
[Date "2009.03.10"]
[Round "3"]
[White "Gundersen, Vegard"]
[Black "Valle, Stian"]
[Result "1-0"]
[WhiteElo "1223"]
[BlackElo "1109"]
[PlyCount "41"]
[EventDate "2009.??.??"]

1. e4 e5 2. d4 exd4 3. c3 dxc3 4. Bc4 cxb2 5. Bxb2 Nc6 6. Nf3 d6 7. O-O Be6 8.
Bxe6 fxe6 9. Qb3 Qd7 10. Ng5 Nd8 11. f4 Be7 12. Bxg7 Bf6 13. Bxh8 Bxh8 14. Nc3
Ne7 15. Rad1 Qc6 16. Rc1 Qd7 17. f5 exf5 18. exf5 d5 19. f6 Bxf6 20. Rxf6 Qg4
21. Qa4+ 1-0

[Event "ASKO Klubbmesterskap 2009 A"]
[Site "Oslo"]
[Date "2009.04.14"]
[Round "3"]
[White "Olsen, Andrei"]
[Black "Erikstad, Olav"]
[Result "1/2-1/2"]
[WhiteElo "1623"]
[BlackElo "1624"]
[PlyCount "75"]
[EventDate "2009.??.??"]

1. e4 c6 2. d4 d5 3. Nd2 dxe4 4. Nxe4 Nd7 5. Nf3 Ngf6 6. Bd3 Nxe4 7. Bxe4 Nf6
8. Qe2 Nxe4 9. Qxe4 Qd5 10. Qxd5 cxd5 11. Bf4 Bf5 12. c3 Be4 13. Ke2 e6 14.
Rhg1 b5 15. a3 Be7 16. Nd2 Bg6 17. g4 O-O 18. Bg3 a5 19. h4 h6 20. Nb3 Rfc8 21.
Rgc1 b4 22. axb4 axb4 23. Rxa8 Rxa8 24. Ra1 Rxa1 25. Nxa1 bxc3 26. bxc3 Ba3 27.
Kd2 Be4 28. f4 f6 29. Nb3 g5 30. hxg5 hxg5 31. fxg5 fxg5 32. Nc5 Bxc5 33. dxc5
Kf7 34. Ke3 Ke7 35. Kd4 Bf3 36. Bd6+ Kd7 37. Bf8 Bxg4 38. Bh6 1/2-1/2

[Event "ASKO Klubbmesterskap 2009 A"]
[Site "Oslo"]
[Date "2009.03.10"]
[Round "3"]
[White "Skrondal, Inge Sandstad"]
[Black "Briseid, Håkon"]
[Result "1-0"]
[WhiteElo "2190"]
[BlackElo "1897"]
[PlyCount "85"]
[EventDate "2009.??.??"]

1. Nf3 b6 2. g3 c5 3. c4 Bb7 4. Bg2 Nf6 5. Nc3 e6 6. O-O a6 7. Re1 Qc7 8. e4 d6
9. d4 cxd4 10. Nxd4 Nbd7 11. Be3 Be7 12. Rc1 O-O 13. f4 Rfe8 14. g4 Nc5 15. Bf2
g6 16. b4 Rad8 17. Bf3 h6 18. Qd2 Ncd7 19. Nd5 exd5 20. cxd5 Qb8 21. Nc6 Qa8
22. Nxd8 Bxd8 23. h4 g5 24. Kg2 gxf4 25. Qxf4 Ne5 26. Qxh6 Nd3 27. Bd4 Nxe1+
28. Rxe1 Re5 29. Bxe5 dxe5 30. Qg5+ Kf8 31. Qxe5 Qc8 32. g5 Ng8 33. Qd6+ Kg7
34. Qe5+ Kf8 35. Rf1 f6 36. Bh5 Qc2+ 37. Kg1 Kg7 38. Qe8 Qc7 39. e5 Bxd5 40.
gxf6+ Bxf6 41. exf6+ Kh8 42. Qg6 Qe5 43. Qg7# 1-0

[Event "ASKO Klubbmesterskap 2009 A"]
[Site "Oslo"]
[Date "2009.03.10"]
[Round "3"]
[White "Søreng, Eirik"]
[Black "Einarsen, Kenneth"]
[Result "0-1"]
[WhiteElo "1628"]
[BlackElo "1812"]
[PlyCount "58"]
[EventDate "2009.??.??"]

1. c4 c6 2. d4 d5 3. Nf3 Nf6 4. Nc3 e6 5. Bg5 Nbd7 6. e3 Bd6 7. Bd3 dxc4 8.
Bxc4 b5 9. Bd3 a6 10. O-O c5 11. Ne4 Be7 12. dxc5 Nxc5 13. Nxc5 Bxc5 14. Qc2
Bb6 15. Rfd1 Qc7 16. Qxc7 Bxc7 17. Rac1 Bd8 18. Be4 Rb8 19. Rxd8+ Kxd8 20. Ne5
Ke8 21. Bxf6 gxf6 22. Nc6 Rb6 23. Na7 Bd7 24. Nc8 Rb8 25. Nd6+ Ke7 26. Rd1 Rb6
27. Nxf7 Rf8 28. Nh6 f5 29. Bb1 e5 0-1

[Event "ASKO Klubbmesterskap 2009 B"]
[Site "Oslo"]
[Date "2009.03.10"]
[Round "3"]
[White "Øhman, Kjell Tage"]
[Black "Johansen, Pål H."]
[Result "0-1"]
[WhiteElo "1588"]
[BlackElo "1534"]
[PlyCount "86"]
[EventDate "2009.??.??"]

1. d4 Nf6 2. Nf3 g6 3. c4 Bg7 4. Nc3 d6 5. e4 O-O 6. Be2 Nbd7 7. O-O e5 8. dxe5
dxe5 9. Qc2 Qe7 10. Be3 b6 11. Rfd1 Bb7 12. a3 Rfc8 13. Nd2 Nc5 14. Bxc5 Qxc5
15. Nf1 Rd8 16. Ne3 c6 17. b4 Qe7 18. Bf3 Rd4 19. Ne2 Rxd1+ 20. Rxd1 Rd8 21.
Rxd8+ Qxd8 22. h3 h5 23. c5 Qe7 24. cxb6 axb6 25. Nc4 Nd7 26. Qd1 Ba6 27. Ne3
Nf6 28. Nc3 Qd7 29. Qxd7 Nxd7 30. g4 hxg4 31. hxg4 Bh6 32. Kg2 Nf6 33. Na4 b5
34. Nc5 Bc8 35. Kg3 Bf8 36. Nd3 Bd6 37. g5 Nh7 38. Bg4 Bb7 39. Kh4 Kg7 40. Ng2
Nxg5 41. Nc5 Bxc5 42. bxc5 Nxe4 43. f4 exf4 0-1

[Event "ASKO Klubbmesterskap 2009 A"]
[Site "Oslo"]
[Date "2009.03.24"]
[Round "4"]
[White "Briseid, Håkon"]
[Black "Einarsen, Kenneth"]
[Result "1-0"]
[WhiteElo "1897"]
[BlackElo "1831"]
[PlyCount "57"]
[EventDate "2009.??.??"]

1. d4 d5 2. c4 c6 3. Nf3 Nf6 4. Nc3 e6 5. e3 Nbd7 6. Bd3 dxc4 7. Bxc4 b5 8. Bd3
a6 9. e4 c5 10. e5 b4 11. exf6 bxc3 12. fxg7 Bxg7 13. bxc3 Bb7 14. Rb1 Qc7 15.
O-O O-O 16. Re1 Nf6 17. Ba3 Nd5 18. Bxc5 Nxc3 19. Rxb7 Qxb7 20. Qc2 Rfd8 21.
Qxc3 Rac8 22. Qd2 Qd5 23. Qc2 Kh8 24. Bxa6 Rc6 25. Bc4 Qh5 26. Qe2 Rdc8 27. Bb3
e5 28. Nxe5 Qxe2 29. Nxf7+ 1-0

[Event "ASKO Klubbmesterskap 2009 A"]
[Site "Oslo"]
[Date "2009.03.24"]
[Round "4"]
[White "Hole, Øystein"]
[Black "Søreng, Eirik"]
[Result "1-0"]
[WhiteElo "2401"]
[BlackElo "1628"]
[PlyCount "77"]
[EventDate "2009.??.??"]

1. Nf3 d5 2. d4 Nf6 3. c4 e6 4. Nc3 c6 5. Bg5 Nbd7 6. e3 Qa5 7. cxd5 exd5 8.
Rc1 Bd6 9. Bd3 O-O 10. O-O Re8 11. Qc2 h6 12. Bh4 Qd8 13. e4 dxe4 14. Nxe4 Be7
15. Nc3 Nf8 16. h3 Be6 17. Rfe1 Nh5 18. Bxe7 Rxe7 19. Rcd1 Nf4 20. Bf1 Qc7 21.
Ne5 Rae8 22. Re3 f6 23. Nc4 Bf7 24. Rde1 Bg6 25. Qb3 Kh8 26. Qa3 Re6 27. Rxe6
N8xe6 28. g3 Nd5 29. Qxa7 Ng5 30. Rxe8+ Bxe8 31. Qc5 Qd7 32. Nxd5 cxd5 33. Ne3
Bf7 34. Bg2 Nxh3+ 35. Bxh3 Qxh3 36. Nxd5 Qe6 37. Nf4 Qe1+ 38. Kg2 Qe4+ 39. Kh2
1-0

[Event "ASKO Klubbmesterskap 2009 B"]
[Site "Oslo"]
[Date "2009.03.24"]
[Round "4"]
[White "Lade, Arnstein"]
[Black "Johansen, Pål H."]
[Result "0-1"]
[WhiteElo "1534"]
[BlackElo "1566"]
[PlyCount "65"]
[EventDate "2009.??.??"]

1. d4 Nf6 2. c4 e6 3. Nc3 Bb4 4. Nf3 c5 5. d5 d6 6. Bd2 exd5 7. Nxd5 Nxd5 8.
cxd5 Qa5 9. e4 O-O 10. a3 Bxd2+ 11. Nxd2 Re8 12. Bd3 c4 13. Bc2 Qxd5 14. O-O
Qd4 15. Rb1 Nc6 16. b3 c3 17. Nc4 Rd8 18. Qe2 Be6 19. Ne3 Rac8 20. Rbd1 Qf6 21.
f4 Nd4 22. Qd3 Nxb3 23. f5 Nc5 24. fxe6 Nxd3 25. exf7+ Kxf7 26. Rxf6+ Kxf6 27.
Rxd3 Ke5 28. Rd5+ Kf6 29. Rf5+ Ke6 30. Bb3+ Kd7 31. Rf7+ Kc6 32. Rxg7 Rc7 33.
Bd5+ 0-1

[Event "ASKO Klubbmesterskap 2009 B"]
[Site "Oslo"]
[Date "2009.03.24"]
[Round "4"]
[White "Olaussen, Atle Gjøran"]
[Black "Chikwati, Elvis"]
[Result "1-0"]
[WhiteElo "1311"]
[BlackElo "1262"]
[PlyCount "48"]
[EventDate "2009.??.??"]

1. d4 e6 2. e4 c5 3. Nf3 Nc6 4. d5 exd5 5. exd5 Nce7 6. Bc4 d6 7. O-O Nf6 8.
Re1 g6 9. Bg5 Bg7 10. Qe2 a6 11. a4 Bf5 12. Nc3 Kf8 13. Qd2 Qc7 14. h3 Re8 15.
Re2 Bd7 16. Rae1 Bxa4 17. Bxa6 Bxc2 18. Bb5 Nc6 19. Rxe8+ Nxe8 20. Qxc2 h6 21.
dxc6 bxc6 22. Be7+ Kg8 23. Bd3 Kh7 24. Bh4 Qa5 1-0

[Event "ASKO Klubbmesterskap 2009 A"]
[Site "Oslo"]
[Date "2009.05.12"]
[Round "4"]
[White "Skrondal, Inge Sandstad"]
[Black "Olsen, Andrei"]
[Result "1-0"]
[WhiteElo "2190"]
[BlackElo "1623"]
[PlyCount "25"]
[EventDate "2009.??.??"]

1. Nf3 d5 2. d4 Nf6 3. c4 c6 4. Nc3 e6 5. Bg5 dxc4 6. e4 b5 7. e5 h6 8. Bh4 g5
9. exf6 gxh4 10. Ne5 Bb7 11. Nxf7 Kxf7 12. Qh5+ Kg8 13. Qg6+ 1-0

[Event "ASKO Klubbmesterskap 2009 B"]
[Site "Oslo"]
[Date "2009.04.21"]
[Round "4"]
[White "Øhman, Kjell Tage"]
[Black "Fjellheim, Marius"]
[Result "1-0"]
[WhiteElo "1599"]
[BlackElo "1420"]
[PlyCount "76"]
[EventDate "2009.??.??"]

1. e4 e6 2. d4 d5 3. Nd2 c5 4. Ngf3 Nc6 5. exd5 exd5 6. Bb5 Bg4 7. Qe2+ Be7 8.
dxc5 Nf6 9. O-O O-O 10. Nb3 Re8 11. Qd3 Ne4 12. Bxc6 bxc6 13. Ne5 Bd7 14. Nxd7
Qxd7 15. Be3 a5 16. f3 Nf6 17. a4 Qa7 18. Bd4 Nd7 19. Qc3 Bf8 20. Rfe1 Re6 21.
Rxe6 fxe6 22. Re1 Re8 23. f4 Qc7 24. g3 g5 25. fxg5 e5 26. Qxa5 Qc8 27. Bf2 e4
28. Bd4 Be7 29. Qd2 Qd8 30. h4 Bf8 31. Qf4 Bg7 32. Bxg7 Kxg7 33. Qd6 Qc8 34.
Nd4 Ne5 35. Kg2 Qg4 36. Rf1 e3 37. Nf5+ Qxf5 38. Rxf5 e2 1-0